Nghề và làng nghề truyền thống Việt Nam Q.2 Nghề chế tác đá, nghề sơn và một số nghề khác

Giới thiệu một số nghề thủ công truyền thống như: nghề đồi mồi, nghề ren, lược sừng, làm hương...

Na minha lista:
Detalhes bibliográficos
Outros Autores: Vũ Quang Dũng (b.s.), Trương Minh Hằng (ch.b.), Lưu Anh Rô, Hồ Tấn Tuấn, Văn Duy, Vũ Thị Ngọc H, Võ Văn Hoè
Formato: Livro
Idioma:Vietnamese
Publicado em: H. Khoa học xã hội 2015
Assuntos:
Tags: Adicionar Tag
Sem tags, seja o primeiro a adicionar uma tag!
Thư viện lưu trữ: Mạng thư viện Đại học Đà Nẵng
LEADER 01888aam a22004698a 4500
001 000023867
003 20320
005 20160513100532.0
008 160323s2015 viesd
020 |d 2000b 
041 0 |a vie 
082 0 4 |2 23  |a 736.09597  |b Ngh 
245 0 0 |a Nghề và làng nghề truyền thống Việt Nam  |c Văn Duy, Vũ Thị Ngọc Hà, Võ Văn Hoè... ; B.s.: Trương Minh Hằng (ch.b.), Vũ Quang Dũng  |n Q.2  |p Nghề chế tác đá, nghề sơn và một số nghề khác 
260 |a H.  |b Khoa học xã hội  |c 2015 
300 |a 555 tr.  |c 21 cm. 
500 |a ĐTTS ghi: Hội Văn nghệ dân gian Việt Nam 
504 |a Thư mục: tr. 555 
520 |a Giới thiệu một số nghề thủ công truyền thống như: nghề đồi mồi, nghề ren, lược sừng, làm hương... 
650 0 4 |2 Bộ TK TVQG  |a Làng nghề truyền thống  |x Nghề thủ công truyền thống 
650 7 |2 Bộ TK TVQG 
651 7 |2 Bộ TK TVQG  |a Việt Nam 
653 |a Làng nghề 
653 |a Nghề chế tác đá 
653 |a Nghề sơn 
700 1 |a Vũ Quang Dũng  |e b.s. 
700 1 |a Trương Minh Hằng  |e ch.b. 
700 1 |a Lưu Anh Rô 
700 1 |a Hồ Tấn Tuấn 
700 1 |a Văn Duy 
700 1 |a Vũ Thị Ngọc Hà 
700 1 |a Võ Văn Hoè 
773 |d Khoa học xã hội  |d H.  |d 2015  |t Nghề và làng nghề truyền thống Việt Nam  |w 20113 
OWN |a LSP 
AVA |a UDN50  |b LSP  |d 736.09597 Ngh  |e available  |t Error 5001 Not defined in file expand_doc_bib_avail.  |f 1  |g 0  |h N  |i 0  |k 1 
999 |a From the UDN01 
AVA |a UDN50  |b LSP  |d 736.09597 Ngh  |e available  |t Error 5001 Not defined in file expand_doc_bib_avail.  |f 1  |g 0  |h N  |i 0  |k 1 
TYP |a Monograph 
TYP |a Printed language 
980 |a Mạng thư viện Đại học Đà Nẵng